les pokemon de la 2g - Statistiques

Statistiques générales
  • Ce quiz a été pris 57 fois
  • Le résultat moyen est 86 sur 100
Statistiques - réponses
Hint Réponse % Correct
feu feurisson
100%
plante germignon
100%
feu hericendre
100%
vol feu ho-oh
100%
eau kaiminus
100%
vol psy lugia
100%
plante macronium
100%
plante meganium
100%
feu typhlosion
100%
eau aligatueur
97%
plante psy celebi
97%
eau crocrodil
97%
feu entei
97%
eau suicune
97%
glace sol cochignon
94%
plante vol floravol
94%
normal vol hoothoot
94%
glace sol marcacrin
94%
normal vol noarfang
94%
electrik raikou
94%
acier sol steelix
94%
eau fee azumarill
91%
plante vol cotovol
91%
electrik elekid
91%
roche sol embrylex
91%
spectre feuforeve
91%
normal fouinar
91%
normal fouinette
91%
glace psy lippouti
91%
eau fee marill
91%
vol poison nostenfer
91%
electrik pichu
91%
roche tenebre tyranocif
91%
acier vol airmure
88%
acier insect cizayox
88%
combat debugant
88%
feu tenebre demolosse
88%
normal ecremeuh
88%
glace tenebre farfuret
88%
combat kapoera
88%
eau electrik lanturn
88%
feu limagma
88%
eau electrik loupio
88%
feu tenebre malosse
88%
fee melo
88%
psy mentali
88%
tenebre noctali
88%
fee togepi
88%
roche sol ymphect
88%
glace vol cadoizo
85%
roche insect caratroc
85%
vol tenebre cornebre
85%
insect vol coxy
85%
insect vol coxyclaque
85%
sol donphan
85%
normal psy girafarig
85%
plante vol granivol
85%
eau dragon hyporoi
85%
electrik lainergie
85%
feu magby
85%
psy vol natu
85%
psy eau roigada
85%
insect combat scarhino
85%
fee vol togetic
85%
normal fee toudoudou
85%
feu roche volcaropod
85%
normal cerfrousse
82%
eau roche corayon
82%
eau vol demanta
82%
fee granbull
82%
plante heliatronc
82%
insect poison migalos
82%
insect poison mimigal
82%
sol phanpy
82%
electrik pharamp
82%
insect pomdepik
82%
sol vol scorplane
82%
fee snubbull
82%
plante tournegrin
82%
psy vol xatu
82%
insect acier foretress
79%
eau poison qwilfish
79%
eau tarpaud
79%
electrik wattouat
79%
eau sol axoloto
76%
normal insolourdo
76%
plante joliflor
76%
normal leuphorie
76%
eau sol maraiste
76%
eau octillery
76%
psy qulbutoke
76%
eau remoraid
76%
normal capumain
73%
normal queulorior
73%
roche simularbre
73%
normal teddiursa
70%
insect vol yanma
70%
psy zarbi
70%
normal ursaring
67%
normal porygon2
64%
Aucun quiz correspondant
Distribution des résultats
% des personnes avec chaque résultat
Percentile par nombre de réponses
Votre historique - résultats
Vous n’avez pas pris ce quiz